03377nam a2200277 a 4500001001000000005001700010008004100027041000800068044000700076084002000083100004500103245009500148260003800243300004100281500063300322500014800955500165901103500003502762500001102797650005202808650005602860650003402916650004502950700005402995740005003049BRCA_281520190320204000.0091208s1905----sp-#---###---#000-0#spa-u aspa asp a259b.S83c19051 aCervantes Saavedra, Miguel ded1547-161610aEl Ingenioso Hidalgo Don Quijote de la Manchaccompuesto por Miguel de Cervantes Saavedra. aMadridbVictoriano Suárezc1905 a6 v.c29 cm.evarias hojas plegables aContenido : v 1. Primera parte. Introducción por C. Cortejón. Preliminares íntegras de las primeras ediciones. Lista de las ediciones consultadas. Advertencia preliminar. Texto. -- v 2. Primera parte. Observaciones generales por C. Cortejón. Lista de ediciones consultadas. Texto. -- v 3. Primera parte. Observaciones generales. Ediciones consultadas. Texto. -- v 4. Segunda parte. Introducción. Ediciones consultadas. Preliminares de la edición príncipe. Texto. -- v 5. Variantes del capítulo XLV. Ediciones consultadas. texto. -- v 6. Retrato de Cortejón. Advertencia preliminar. Ediciones consultadas. Texto aEdición : Primera crítica con variantes, notas, y el diccionario de todas las palabras usadas en la inmortal novela por Clemente Cortejón aUna de las más notables ediciones del Quijote que se han publicado en España hasta aquel entonces por un comentador de la importancia de C. Cortejón. La muerte prematura truncó su obra de mucha erudición (en cuanto a la técnica y minucias literarias, así como a la gramática se refiere), por lo que no pudo acabar su diccionario ni dar cima al último tomo que corrió a cargo de Givanel y Más. Cortejón fue uno de los más doctos cervantistas en su tiempo quien dedicó más de 30 años al estudio del Quijote. Tuvo el mérito de probar en definitiva que Cervantes no corrigió la edición de 1608, de Cuesta, y rebatió los supuestos errores gramaticales que Clemencín reprochaba del autor. Sin embargo, su condición de sacerdote y los consiguientes prejuicios religiosos, le impidieron ver más allá de puro lenguaje y estilo de la obra. Cotejó nada menos que 26 ediciones quijotiles y, con todo, desacertó al aceptar en la suya las enmiendas de la mencionada tercera de Cuesta, cuyos pasajes de la primera edición del mismo editor, eran irreverentes para con las cosas de la Iglesia, como por ejemplo, el episodio de la penitencia de D. Quijote en Sierra Morena (I, 26). Su trabajo, empero, habrpa de ser tomado en cuenta por cualquier cervantista serio que, en lo futuro, se proponga investigar la gran obra. La parte tipográfica que corre parejas con la literaria, honra por sí sola a los impresores. La tirada está hecha a grandes márgenes sobre papel fabricado expresamente para esta edición y es de una pulcritud irreprochable. Semipiel; lomeras decoradas con filetes dorados Lúdovik Osterc aIncluye índice : De materias aQM230D14aNovela españolayÉpoca clásica, 1500-170014aLiteratura españolayÉpoca clásica, 1500-170014aNovela españolaySiglo XVII14aDon Quijote (Personaje ficticio)eNovela1 aCortejón y Lucas, Clemented1842-1911eAnotador0 aEl Ingenioso Hidalgo Don Quijote de la Mancha